000 00486 a2200145 4500
005 20250506114632.0
020 _a978-1-78294-690-8
082 _a650.076
245 _aGCSE Edexcel Business: For the Grade 9-1 Course
260 _aNewcastle,
_bCoordination Group Publications Ltd (CGP),
_c2017
300 _a90p.: ill.; picture,
_bglossary & index,
_c29cm.
700 _aEd. by BURROWS, C [et al....]
856 _yAccess Online Book
_fBusiness
_dwww.cgpbooks.co.uk
942 _2ddc
_cBKS
999 _c2013
_d2013